000 00570nam a2200241 a 4500
001 nice12345678
003 IN_TiNIC
005 20260116011728.0
008 050524s1969 boma grp 000 0 eng
020 _a
_c100
082 0 0 _a230.0954
_bSIN
100 _aSingh, Bakht
245 _aGod`s Dwelling Place.
260 _aBombay
_bGospel Literature Service
_c1969
300 _a154p
500 _aincludes index and biblioraphy
505 2 _aIndex
650 _aTheology-India
700 1 _aSingh, Bakht
902 _bSRS
942 _cBK
999 _c3569
_d3569